00515nam a2200121Ia 45000010005000000080041000050820027000461000132000732450122002052600024003279010027003519990015003782679241024s9999 xx 000 0 und d aRD/373.7293/R426e/1999 aRepública Dominicana. Secretaría de Estado de Educacion y Cultura. Proyecto de Apoyo y ampliación de la educación media 0aExperiencias innovadoras en Participación Comunitaria y Gerencia de Centros Educativos de la República Dominicana bSanto Domingoc1999 a5/12/2012 3:43:27 p.m. c8549d8549